000
00313nam a2200121Ia 4500
008
240624s9999 xx 000 0 und d
041
_a
eng
082
_a
658.4012 MIT
100
_a
MITAL AMITA
245
_a
CASES IN STRATEGIC MANAGEMENT VOL II
260
_c
2013
_a
New Delhi
_b
Tata McGraw - Hill
365
_c
RS
_b
33
999
_c
26108
_d
26108